Statystyki dla flagi europy #3

Kliknij tutaj aby rozwiązać quiz!

Ogólne statystyki

  • Ten quiz został rozwiązany 16 razy
  • Średni wynik to 8 z 8

Statystyki odpowiedzi

Odpowiedź% Poprawnych
Estonia
100%
Litwa
100%
Malta
100%
Słowacja
100%
Macedonia Północna
93%
Serbia
93%
Węgry
93%
Czarnogóra
87%

Rozkład punktacji

Percentyl według liczby udzielonych odpowiedzi

Procent ludzi z każdym wynikiem

Twoja historia wyników

Nie rozwiązałeś tego quizu